Almayer's folly, a story of an eastern river; and, Tales of unrest. / (Record no. 20676)
[ view plain ]
| 000 -LEADER | |
|---|---|
| fixed length control field | 00683nam a2200217 a 4500 |
| 001 - CONTROL NUMBER | |
| control field | 20676 |
| 003 - CONTROL NUMBER IDENTIFIER | |
| rucl marc code | BD-RjUL |
| 005 - DATE AND TIME OF LATEST TRANSACTION | |
| control field | 20211209000609.0 |
| 008 - FIXED-LENGTH DATA ELEMENTS--GENERAL INFORMATION | |
| fixed length control field | 140302s1947 enk 000 1 eng d |
| 035 ## - SYSTEM CONTROL NUMBER | |
| System control number | BNB2685.68 |
| System control number | (BD-RjUL)20738 |
| 040 ## - CATALOGING SOURCE | |
| Original cataloging agency | UkOxU |
| Language of cataloging | eng |
| Transcribing agency | UkOxU |
| Modifying agency | BD-RjUL |
| 041 ## - LANGUAGE CODE | |
| Language code of text/sound track or separate title | eng |
| 082 0# - DEWEY DECIMAL CLASSIFICATION NUMBER | |
| Classification number | 823.912 |
| Edition number | 21 |
| Author mark and year | COA 1947 |
| 100 1# - MAIN ENTRY--PERSONAL NAME | |
| Personal name | Conrad, Joseph, |
| Dates associated with a name | 1857-1924. |
| 9 (RLIN) | 63803 |
| 245 10 - TITLE STATEMENT | |
| Title | Almayer's folly, a story of an eastern river; and, Tales of unrest. / |
| Statement of responsibility, etc. | Joseph Conrad. |
| 260 ## - PUBLICATION, DISTRIBUTION, ETC. (IMPRINT) | |
| Place of publication, distribution, etc. | London : |
| Name of publisher, distributor, etc. | Dent, |
| Date of publication, distribution, etc. | 1947 [ Reprinted 1961] . |
| 300 ## - PHYSICAL DESCRIPTION | |
| Pagination | viii, 204 p. ; |
| Size | 23 cm. |
| 650 #0 - SUBJECT ADDED ENTRY--TOPICAL TERM | |
| Topical term or geographic name as entry element | Dutch |
| Geographic subdivision | Indonesia |
| General subdivision | Social life and customs |
| Form subdivision | Fiction. |
| 9 (RLIN) | 63804 |
| 942 ## - ADDED ENTRY ELEMENTS (KOHA) | |
| Source of classification or shelving scheme | Dewey Decimal Classification |
| Koha item type | Books |
| Lost status | Source of classification or shelving scheme | Damaged status | Not for loan | Collection code | Permanent Location | Current Location | Shelving location | Date acquired | Source of acquisition | Cost, normal purchase price | Total Checkouts | Full call number | Date last seen | Copy number | Koha item type |
|---|---|---|---|---|---|---|---|---|---|---|---|---|---|---|---|
| Dewey Decimal Classification | Added to bundle | Fiction | Central Library, University of Rajshahi | Central Library, University of Rajshahi | Reading Room | 06/08/1956 | B. H. Blackwell | 8.00 | 823.912 COA 1947 | 02/03/2014 | C-1 | Books | |||
| Dewey Decimal Classification | Non-fiction | Central Library, University of Rajshahi | Central Library, University of Rajshahi | 13/03/1964 | Zeitlinger | 12.60 | 823.912 COA 1961 | 22/11/2016 | C-2 | Books |